Trhy s regulační energií na startu integrace
Nariadenie Európskej komisie týkajúce sa obchodného zabezpečenia výkonovej rovnováhy v prenosových sústavách. Prepájanie európskych trhov s elektrinou. Prechod trhov s regulačnou energiou od lokálneho ponímania k prepojenému trhu. Nový smer priamej integrácie národných trhov s regulačnou energiou. Ď...
Enregistré dans:
| Auteur principal: | |
|---|---|
| Format: | Chapitre de livre |
| Langue: | tchèque |
| Sujets: | |
| Tags: |
Pas de tags, Soyez le premier à ajouter un tag!
|
MARC
| LEADER | 00000naa a2200000 4500 | ||
|---|---|---|---|
| 001 | 0241996 | ||
| 005 | 20180413100922.8 | ||
| 041 | 0 | |a cze | |
| 044 | |a CZ | ||
| 245 | 1 | 0 | |a Trhy s regulační energií na startu integrace |c Miloš Mojžiš |
| 520 | |a Nariadenie Európskej komisie týkajúce sa obchodného zabezpečenia výkonovej rovnováhy v prenosových sústavách. Prepájanie európskych trhov s elektrinou. Prechod trhov s regulačnou energiou od lokálneho ponímania k prepojenému trhu. Nový smer priamej integrácie národných trhov s regulačnou energiou. Ďalšie platformy výmeny regulačnej energie. Zatiaľ dobrovoľná integrácia regulačných záloh. | ||
| 610 | 2 | 0 | |a energetika |
| 610 | 2 | 0 | |a energia elektrická |
| 610 | 2 | 0 | |a regulácia |
| 610 | 2 | 0 | |a integrácia |
| 610 | 2 | 0 | |a trh energetický |
| 610 | 2 | 0 | |a obchod medzinárodný |
| 610 | 2 | 0 | |a Európska únia |
| 100 | 1 | |a Mojžiš, Miloš | |